Kompetencia orgánov štátnej správy.

Kompetencia je osobitnou kategóriou v práve a najmä v štátnej správe. Charakteristické črty kompetencie orgánov štátnej správy. Diferencie v názoroch na vymedzenie pojmu kompetencia. Chápanie právomoci a pôsobnosti orgánu štátnej správy. Výnimky zo stanovených pravidiel pri vymedzovaní kompetencie,...

Ausführliche Beschreibung

Gespeichert in:
Bibliographische Detailangaben
1. Verfasser: Vrabko, M.
Format: Buchkapitel
Sprache:Slowakisch
Schlagworte:
Tags: Tag hinzufügen
Keine Tags, Fügen Sie das erste Tag hinzu!

MARC

LEADER 00000naa a2200000 4500
001 r012061
005 20220826094412.2
041 0 |a slo 
044 |a SK 
245 1 0 |a Kompetencia orgánov štátnej správy.  |c M. Vrabko 
520 |a Kompetencia je osobitnou kategóriou v práve a najmä v štátnej správe. Charakteristické črty kompetencie orgánov štátnej správy. Diferencie v názoroch na vymedzenie pojmu kompetencia. Chápanie právomoci a pôsobnosti orgánu štátnej správy. Výnimky zo stanovených pravidiel pri vymedzovaní kompetencie, ktoré predstavujú posun v kompetencii: devolúcia, delegácia, zverenie, propagácia, avokácia. 
610 2 0 |a správa štátna 
610 2 0 |a orgány štátne 
610 2 0 |a právomoc 
610 2 0 |a pojmy 
610 2 0 |a právo 
100 1 |a Vrabko, M.